000 00844nam a22002652a 4500
001 19798
003 BD-RjUL
005 20211209000459.0
008 140225s1963 enk b 000 1 eng d
035 _a(BD-RjUL)19859
_aOCLC ocm01231352 from D950715M
040 _aRRR
_cRRR
_dOCL
_dUKM
_dEQO
_dBD-RjUL
_beng
041 _aeng
082 0 0 _a823.6
_218
_bEMG 1963
100 1 _aEmslie, MacDonald.
_960821
245 1 0 _aGoldsmith :
_bThe vicar of Wakefield /
_cby Macdonald Emslie
260 _aLondon :
_bArnold,
_c1963.
300 _a78, [1] p. ;
_c19 cm.
490 1 _aStudies in English literature ;
_vno. 9
504 _aBibliography: p. [79]
600 1 0 _aGoldsmith, Oliver,
_d1730?-1774.
_958378
830 0 _vno. 9
_960832
830 0 _aStudies in English literature (London, England) ;
_960833
942 _2ddc
_cBK
999 _c19798
_d19798